000 00229nam a2200097Ia 4500
001 646914
005 20250826153652.0
008 250824s9999 xx 000 0 und d
245 0 _aHAVLAYAN HARFLER
_cMEHMET ATİLLA
260 _bTUDEM
999 _c646914
_d646914